Statystyki dla W jakim województwie się znajduję?

Kliknij tutaj aby rozwiązać quiz!

Ogólne statystyki

  • Ten quiz został rozwiązany 122 razy
  • Średni wynik to 7 z 10

Statystyki odpowiedzi

HintOdpowiedź% Poprawnych
PoznańWielkopolskie
84%
OpoleOpolskie
76%
BiałystokPodlaskie
74%
WarszawaMazowieckie
73%
RzeszówPodkarpackie
67%
WrocławDolnośląskie
62%
Zielona GóraLubuskie
61%
GdańskPomorskie
61%
ŁódźŁódzkie
54%
LublinLubelskie
50%

Rozkład punktacji

Percentyl według liczby udzielonych odpowiedzi

Procent ludzi z każdym wynikiem

Twoja historia wyników

Nie rozwiązałeś tego quizu